[Event "La Pobla de Lillet op-B 32nd"]
[Site "La Pobla de Lillet"]
[Date "2023.08.03"]
[Round "2"]
[White "Vila Camps, Carles"]
[Black "Riera Sola, Lluis"]
[Result "0-1"]
[WhiteElo "1624"]
[BlackElo "1855"]
[PlyCount "66"]
[EventDate "2023.08.02"]
[EventType "swiss"]
[EventRounds "9"]
[EventCountry "ESP"]
[SourceTitle "EXT 2024"]
[Source "ChessBase"]
[SourceDate "2023.10.10"]
[SourceVersion "1"]
[SourceVersionDate "2023.10.10"]
[SourceQuality "1"]

1. d4 Nf6 2. c4 g6 3. Nf3 Bg7 4. g3 0-0 5. Bg2 d6 6. 0-0 Nbd7 7. Nc3 c6 8. e4 e5 9. d5 Nc5 10. Be3 Ncxe4 11. Nxe4 Nxe4 12. dxc6 bxc6 13. Nxe5 Bxe5 14. Bxe4 Qc7 15. Rb1 Be6 16. b3 Rad8 17. f4 d5 18. cxd5 Bxd5 19. Bxd5 Rxd5 20. Qf3 Bd4 21. Bxd4 Rxd4 22. Rbc1 c5 23. Rfd1 Rfd8 24. Rxd4 Rxd4 25. Qc3 Qd6 26. Qxc5 Rd1+ 27. Kg2 Qd2+ 28. Kh3 Qxc1 29. Qxa7 Qc8+ 30. Kg2 Rd2+ 31. Kf3 Rd3+ 32. Kg2 Qc6+ 33. Kh3 Qe6+ 0-1

[Event "Vic Primavera op 1st"]
[Site "Vic"]
[Date "2022.05.27"]
[Round "6"]
[White "Riera Sola, Lluis"]
[Black "Freixas Bosch, Josep"]
[Result "1/2-1/2"]
[WhiteElo "1896"]
[BlackElo "1906"]
[PlyCount "127"]
[EventDate "2022.04.22"]
[EventType "swiss"]
[EventRounds "8"]
[EventCountry "ESP"]
[SourceTitle "EXT 2023"]
[Source "ChessBase"]
[SourceDate "2022.10.05"]
[SourceVersion "1"]
[SourceVersionDate "2022.10.05"]
[SourceQuality "1"]

1. e4 e5 2. f4 Bc5 3. Nf3 d6 4. Nc3 Nf6 5. Bc4 0-0 6. d3 a5 7. Qe2 Nc6 8. fxe5 dxe5 9. Bg5 Nd4 10. Nxd4 exd4 11. Bxf6 Qxf6 12. e5 Qh4+ 13. g3 Qg5 14. Ne4 Qxe5 15. 0-0 Be6 16. Bxe6 Qxe6 17. Qh5 Be7 18. Rae1 Qb6 19. b3 a4 20. Re2 Ra5 21. Qf3 g6 22. Nd2 Rf5 23. Nc4 Qf6 24. Qg2 Rxf1+ 25. Qxf1 b5 26. Nd2 Qxf1+ 27. Kxf1 Bb4 28. Nf3 axb3 29. axb3 Bc3 30. Re5 Ra8 31. Rxb5 Ra1+ 32. Ke2 Rc1 33. Rc5 Rxc2+ 34. Kf1 Rb2 35. Rxc7 Rxb3 36. Rd7 Ba1 37. Nxd4 Bxd4 38. Rxd4 Rb2 39. h4 h5 40. Re4 Rd2 41. Re3 Kg7 42. Ke1 Ra2 43. d4 Kf6 44. d5 Ra5 45. Rd3 Ke5 46. d6 Ra8 47. Kf2 Rd8 48. Kf3 Rxd6 49. Ra3 f6 50. Rb3 Rd4 51. Rb5+ Rd5 52. Rb3 Kf5 53. Ra3 g5 54. hxg5 fxg5 55. Rb3 Ra5 56. Rb2 g4+ 57. Kg2 Kg5 58. Rc2 h4 59. gxh4+ Kxh4 60. Rb2 Kg5 61. Kg3 Ra3+ 62. Kg2 g3 63. Rb5+ Kf4 64. Rb4+ 1/2-1/2

[Event "Vic Primavera op 1st"]
[Site "Vic"]
[Date "2022.05.06"]
[Round "3"]
[White "Botifoll Benasat, Ramon"]
[Black "Riera Sola, Lluis"]
[Result "1-0"]
[WhiteElo "2039"]
[BlackElo "1896"]
[PlyCount "89"]
[EventDate "2022.04.22"]
[EventType "swiss"]
[EventRounds "8"]
[EventCountry "ESP"]
[SourceTitle "EXT 2023"]
[Source "ChessBase"]
[SourceDate "2022.10.05"]
[SourceVersion "1"]
[SourceVersionDate "2022.10.05"]
[SourceQuality "1"]

1. d4 Nf6 2. Bg5 d6 3. Bxf6 exf6 4. g3 g6 5. Bg2 Bg7 6. c4 0-0 7. e3 f5 8. Ne2 Nd7 9. Nbc3 c6 10. b4 Nb6 11. c5 Nc4 12. cxd6 Nxd6 13. 0-0 Re8 14. a4 Rb8 15. Rb1 Ne4 16. Qd3 Qe7 17. Rfd1 b6 18. Rdc1 Bb7 19. Nxe4 fxe4 20. Qc2 Rbc8 21. Qb3 Kh8 22. Nc3 f5 23. Bf1 Rc7 24. a5 Bc8 25. axb6 axb6 26. Na4 Be6 27. Qc2 Rb8 28. Nc3 Ra7 29. Rb2 Rba8 30. Ne2 Bd5 31. Nf4 Qd6 32. Nxd5 cxd5 33. Qc6 Qd8 34. Kg2 Bf8 35. Qb5 Qd7 36. Qxd7 Rxd7 37. Bb5 Rda7 38. Bc6 Rd8 39. b5 Kg7 40. Rcc2 Kf6 41. Ra2 Rxa2 42. Rxa2 Ke6 43. Ra7 Rb8 44. Rxh7 Bd6 45. h4 1-0

[Event "La Pobla de Lillet op-A 30th"]
[Site "La Pobla de Lillet"]
[Date "2021.08.02"]
[Round "1"]
[White "Dudognon, Thibault"]
[Black "Riera Sola, Lluis"]
[Result "1-0"]
[WhiteElo "2242"]
[BlackElo "1931"]
[PlyCount "49"]
[EventDate "2021.08.02"]
[EventType "swiss"]
[EventRounds "9"]
[EventCountry "ESP"]
[SourceTitle "EXT 2022"]
[Source "ChessBase"]
[SourceDate "2021.10.06"]
[SourceVersion "1"]
[SourceVersionDate "2021.10.06"]
[SourceQuality "1"]

1. e4 d5 2. exd5 Qxd5 3. Nc3 Qa5 4. Bc4 Nf6 5. d3 c6 6. Bd2 Qc7 7. Qe2 Bg4 8. f3 Bh5 9. g4 Bg6 10. h4 Qg3+ 11. Qf2 Qxf2+ 12. Kxf2 h5 13. g5 Nfd7 14. Nge2 e6 15. Nf4 Bc5+ 16. Kg2 Bf5 17. g6 Nb6 18. Bb3 Nd5 19. gxf7+ Kxf7 20. Ne4 Nxf4+ 21. Bxf4 Be7 22. Rae1 Nd7 23. Ng3 Nc5 24. Nxf5 Nxb3 25. Nxe7 1-0

[Event "La Pobla de Lillet op 23rd"]
[Site "La Pobla de Lillet"]
[Date "2013.08.05"]
[Round "4"]
[White "Simon Padros, Emili"]
[Black "Riera Sola, Lluis"]
[Result "1-0"]
[WhiteElo "2221"]
[BlackElo "1970"]
[PlyCount "35"]
[EventDate "2013.08.02"]
[EventType "swiss"]
[EventRounds "9"]
[EventCountry "ESP"]
[SourceTitle "EXT 2014"]
[Source "ChessBase"]
[SourceDate "2013.11.20"]
[SourceVersion "1"]
[SourceVersionDate "2013.11.20"]
[SourceQuality "1"]

1. e4 d5 2. exd5 Qxd5 3. Nc3 Qa5 4. d4 Nf6 5. Bd2 c6 6. Bd3 Qd8 7. Nge2 Bg4 8. Be3 e6 9. Qd2 Bb4 10. a3 Bxe2 11. Bxe2 Ne4 12. Qd3 Bxc3+ 13. bxc3 Qa5 14. Rb1 Nd6 15. 0-0 0-0 16. Bf4 Nb5 17. Rb3 Rd8 18. Qg3 1-0

[Event "Moia op 1st"]
[Site "Moia"]
[Date "2013.06.23"]
[Round "6"]
[White "Lucas Ara, Alejandro"]
[Black "Riera Sola, Lluis"]
[Result "0-1"]
[WhiteElo "1890"]
[BlackElo "1950"]
[PlyCount "44"]
[EventDate "2013.05.19"]
[EventType "swiss"]
[EventRounds "8"]
[EventCountry "ESP"]
[SourceTitle "EXT 2014"]
[Source "ChessBase"]
[SourceDate "2013.11.20"]
[SourceVersion "1"]
[SourceVersionDate "2013.11.20"]
[SourceQuality "1"]

1. e4 d5 2. exd5 Qxd5 3. Nc3 Qa5 4. d4 Nf6 5. Nf3 Bf5 6. Bc4 e6 7. 0-0 Nbd7 8. Qe2 0-0-0 9. a3 Bg4 10. d5 Bxf3 11. gxf3 Nxd5 12. Nxd5 exd5 13. b4 Bxb4 14. axb4 Qxa1 15. Bxd5 Qe5 16. Bxb7+ Kxb7 17. Be3 Rhe8 18. f4 Qc3 19. Rb1 Nb6 20. Rb3 Qc4 21. Qf3+ Qd5 22. Qg3 Qd1+ 0-1

[Event "La Pobla de Lillet op 22nd"]
[Site "La Pobla de Lillet"]
[Date "2012.08.02"]
[Round "2"]
[White "Movsziszian, Karen"]
[Black "Riera Sola, Lluis"]
[Result "1-0"]
[WhiteElo "2469"]
[BlackElo "1981"]
[PlyCount "46"]
[EventDate "2012.08.01"]
[EventType "swiss"]
[EventRounds "9"]
[EventCountry "ESP"]
[SourceTitle "CBM 149 Extra"]
[Source "ChessBase"]
[SourceDate "2012.08.24"]
[SourceVersion "1"]
[SourceVersionDate "2012.08.24"]
[SourceQuality "1"]

1. g3 Nf6 2. Bg2 g6 3. e4 d6 4. d4 Nbd7 5. Ne2 e5 6. 0-0 Bg7 7. h3 0-0 8. Be3 exd4 9. Bxd4 Re8 10. Nbc3 Ne5 11. f4 Nc6 12. Bf2 Be6 13. g4 Bc4 14. Re1 Bxe2 15. Rxe2 Nd7 16. Qd2 Nb6 17. Rb1 Nb4 18. a3 Nc4 19. Qe1 Nc6 20. b3 Nb6 21. Rd1 Re6 22. g5 f5 23. e5 Qd7 1-0

[Event "La Pobla de Lillet op 21st"]
[Site "La Pobla de Lillet"]
[Date "2011.08.03"]
[Round "2"]
[White "Riera Sola, Lluis"]
[Black "Oms Pallisse, Josep"]
[Result "0-1"]
[WhiteElo "2003"]
[BlackElo "2489"]
[PlyCount "62"]
[EventDate "2011.08.02"]
[EventType "swiss"]
[EventRounds "9"]
[EventCountry "ESP"]
[SourceTitle "EXT 2015"]
[Source "ChessBase"]
[SourceDate "2014.11.20"]
[SourceVersion "1"]
[SourceVersionDate "2014.11.20"]
[SourceQuality "1"]

1. e4 c5 2. Nc3 g6 3. g3 Bg7 4. Bg2 Nc6 5. d3 d6 6. Be3 Rb8 7. Qd2 b5 8. a3 Nf6 9. Bh6 Bxh6 10. Qxh6 Nd4 11. Qd2 e5 12. Nge2 0-0 13. 0-0 a5 14. f4 b4 15. axb4 axb4 16. Nd1 Bg4 17. Nc1 Bxd1 18. Qxd1 Kg7 19. c3 Nc6 20. Nb3 c4 21. fxe5 dxe5 22. Nc5 bxc3 23. bxc3 Rb5 24. d4 exd4 25. e5 Nxe5 26. cxd4 Neg4 27. Ra7 Kg8 28. Ra8 Qd6 29. Rxf8+ Kxf8 30. Re1 Rxc5 31. dxc5 Qxc5+ 0-1

[Event "Banyoles op 8th"]
[Site "Banyoles"]
[Date "2005.08.17"]
[Round "1"]
[White "Riera Sola, Lluis"]
[Black "Bromberger, Stefan"]
[Result "0-1"]
[WhiteElo "2067"]
[BlackElo "2491"]
[PlyCount "48"]
[EventDate "2005.08.17"]
[EventType "swiss"]
[EventRounds "9"]
[EventCountry "ESP"]
[SourceTitle "CBM 108 Extra"]
[Source "ChessBase"]
[SourceDate "2005.11.04"]
[SourceVersion "1"]
[SourceVersionDate "2005.11.04"]
[SourceQuality "1"]

1. e4 c5 2. Nc3 d6 3. g3 Nc6 4. Bg2 g6 5. d3 Bg7 6. Nge2 Nf6 7. 0-0 0-0 8. h3 Rb8 9. Be3 b5 10. Qd2 b4 11. Nd1 Re8 12. f4 Nd7 13. g4 a5 14. c3 a4 15. Ng3 a3 16. bxa3 bxc3 17. Qc2 Nd4 18. Bxd4 cxd4 19. Rb1 Rxb1 20. Qxb1 e5 21. f5 Nc5 22. Rf2 Bh6 23. Bf1 Re7 24. fxg6 hxg6 0-1

[Event "Andorra op 23rd"]
[Site "Andorra"]
[Date "2005.07.10"]
[Round "2"]
[White "Riera Sola, Lluis"]
[Black "Tratar, Marko"]
[Result "0-1"]
[WhiteElo "2067"]
[BlackElo "2419"]
[PlyCount "72"]
[EventDate "2005.07.09"]
[EventType "swiss"]
[EventRounds "9"]
[EventCountry "AND"]
[SourceTitle "EXT 2022"]
[Source "ChessBase"]
[SourceDate "2021.10.06"]
[SourceVersion "1"]
[SourceVersionDate "2021.10.06"]
[SourceQuality "1"]

1. e4 c5 2. Nc3 a6 3. a4 e6 4. g3 Nc6 5. Bg2 Nf6 6. d3 Be7 7. Nge2 0-0 8. 0-0 Rb8 9. Bf4 d6 10. h3 b5 11. axb5 axb5 12. Qd2 b4 13. Nd1 Bb7 14. g4 Nd7 15. Bh2 Nb6 16. Ne3 Ra8 17. f4 Qd7 18. f5 Bf6 19. Rxa8 Rxa8 20. Nc4 Nxc4 21. dxc4 Bxb2 22. Qxd6 Qxd6 23. Bxd6 Nd4 24. Nf4 Nxc2 25. Bxc5 Bd4+ 26. Bxd4 Nxd4 27. Nd3 b3 28. Nb2 Ra2 29. Rb1 Ne2+ 30. Kh1 Nc3 31. Rc1 Nxe4 32. Rb1 Nd2 33. Bxb7 Nxb1 34. Nd3 Nd2 35. c5 b2 36. Nxb2 Rxb2 0-1

[Event "La Pobla de Lillet op 13th"]
[Site "La Pobla de Lillet"]
[Date "2003.??.??"]
[Round "9"]
[White "Amor Alcaide, Manuel"]
[Black "Riera Sola, Lluis"]
[Result "0-1"]
[WhiteElo "2116"]
[BlackElo "2054"]
[PlyCount "114"]
[EventDate "2003.08.??"]
[EventType "swiss"]
[EventRounds "9"]
[EventCountry "ESP"]
[SourceTitle "EXT 2005"]
[Source "ChessBase"]
[SourceDate "2004.11.15"]
[SourceVersion "1"]
[SourceVersionDate "2004.11.15"]
[SourceQuality "1"]

1. b4 d5 2. Bb2 Nf6 3. Nf3 e6 4. a3 Nbd7 5. d3 b6 6. Nbd2 Bb7 7. e3 Bd6 8. c4 c5 9. Qb3 0-0 10. Be2 Rc8 11. 0-0 Bb8 12. Rfc1 Qe7 13. Nf1 dxc4 14. dxc4 Ne4 15. Rd1 Rfd8 16. b5 Ng5 17. Nxg5 Qxg5 18. f3 Nf8 19. Qc3 f6 20. Qe1 Ng6 21. Qf2 f5 22. f4 Qe7 23. Ng3 Rxd1+ 24. Rxd1 Rf8 25. Nh5 e5 26. Bf3 Bxf3 27. Qxf3 Re8 28. Qd5+ Kf8 29. Qd7 Qf7 30. Rd5 Ne7 31. Rd2 Qxh5 32. Rf2 Qh6 33. g3 Qd6 34. Rd2 Qxd7 35. Rxd7 Ng6 36. Kf2 h6 37. a4 h5 38. h4 Kg8 39. Bc3 Kf8 40. a5 bxa5 41. Bxa5 exf4 42. exf4 Ne7 43. Bc7 Bxc7 44. Rxc7 Ra8 45. Ke3 Ke8 46. Rxc5 Rc8 47. Kd4 Rxc5 48. Kxc5 Kd7 49. Kd4 Kd6 50. c5+ Ke6 51. b6 Nc6+ 52. Kc4 a6 53. b7 g6 54. Kc3 Kd5 55. Kb3 Kxc5 56. Kc3 a5 57. Kb3 Kb6 0-1

[Event "La Pobla de Lillet op 13th"]
[Site "La Pobla de Lillet"]
[Date "2003.??.??"]
[Round "8"]
[White "Riera Sola, Lluis"]
[Black "Morcillo Ferran, Jordi"]
[Result "1/2-1/2"]
[WhiteElo "2054"]
[BlackElo "2153"]
[PlyCount "110"]
[EventDate "2003.08.??"]
[EventType "swiss"]
[EventRounds "9"]
[EventCountry "ESP"]
[SourceTitle "EXT 2005"]
[Source "ChessBase"]
[SourceDate "2004.11.15"]
[SourceVersion "1"]
[SourceVersionDate "2004.11.15"]
[SourceQuality "1"]

1. e4 c5 2. Nc3 Nc6 3. g3 g6 4. Bg2 Bg7 5. Nge2 d6 6. 0-0 e6 7. d3 Nge7 8. Be3 0-0 9. Qd2 Nd4 10. Rae1 Nec6 11. Nd1 Rb8 12. Nc1 Ne5 13. f4 Ng4 14. c3 Nc6 15. h3 Nxe3 16. Nxe3 Re8 17. Kh2 b6 18. Qf2 Ne7 19. g4 Bb7 20. Ne2 Qd7 21. f5 f6 22. Qg3 e5 23. g5 Rf8 24. Ng4 fxg5 25. f6 h5 26. Nxe5 dxe5 27. fxg7 Rxf1 28. Rxf1 Qe6 29. Rf8+ Rxf8 30. gxf8Q+ Kxf8 31. Qxg5 Kg7 32. Ng3 Kh7 33. Nf1 Ba6 34. c4 Kg7 35. Ne3 Qf6 36. Qxf6+ Kxf6 37. Nd5+ Nxd5 38. exd5 Bc8 39. Kg3 g5 40. Be4 h4+ 41. Kg2 g4 42. hxg4 Bxg4 43. Kf2 a6 44. Kg2 b5 45. cxb5 axb5 46. a3 Bd7 47. b3 Ke7 48. Kf3 Kd6 49. Ke3 Be8 50. Kf3 Bh5+ 51. Kg2 Bd1 52. b4 cxb4 53. axb4 Bb3 54. Kh3 Bxd5 55. Kxh4 Bb3 1/2-1/2